Catálogo

Vista normal Vista MARC

Entrada Personal Name

Número de registros utilizados en: 1

001 - CONTROL NUMBER

  • control field: 15061

003 - CONTROL NUMBER IDENTIFIER

  • control field: DLC

005 - DATE AND TIME OF LATEST TRANSACTION

  • control field: 20231030083559.0

008 - FIXED-LENGTH DATA ELEMENTS

  • fixed length control field: 920813n| acannaab| |n aaa |||

010 ## - LIBRARY OF CONGRESS CONTROL NUMBER

  • LC control number: n 92081818

040 ## - CATALOGING SOURCE

  • Original cataloging agency: DLC
  • Transcribing agency: DLC
  • Modifying agency: DLC

100 10 - HEADING--PERSONAL NAME

  • Personal name: Gruner, Elliott,

374 ## - OCCUPATION

  • Occupation: Autor

375 ## - GENDER

  • Gender: hombre

377 ## - ASSOCIATED LANGUAGE

  • Language code: eng

670 ## - SOURCE DATA FOUND

  • Source citation: His Prisoners of culture, c1993:
  • Information found: CIP t.p. (E.G. Gruner) book t.p. (Elliott Gruner)

670 ## - SOURCE DATA FOUND

  • Source citation: Pub. adv. book infor.
  • Information found: (Elliot Gruner; special forces officer, faculty at U.S. Military Acad., West Point; Ph.D.)